01073nam a2200205 i 4500001000700000003000900007005001700016008004100033100007100074245021900145260007400364300002900438505009500467610005000562700002900612700003800641710005000679710004100729852009700770153530ES-MaACL20251011162543.0931025s1871 sp |||| | spa d1 aDuero, Manuel Gutiérrez de la Concha,cMarqués del,d1808-187410aDiscursos pronunciados en la inauguración del Ateneo del Ejército y de la Armada / cpor su presidente... marqués del Duero y su vicepresidente... Luis Vidart y en la de sus cátedras... Ignacio de Negrín. aMadrid : b[s.n.], c1871 (fImp. y Lit. del Depósito de la Guerra) a73 p., [8] p. ; c22 cm.8 aContiene también: Estatutos y Reglamento de 1871 . Lista de los señores socios de 187124aAteneo del Ejército y de la Armada (Madrid)1 aVidart, Luis,d1833-18971 aNegrín, Ignacio de, d1830-18852 aAteneo del Ejército y de la Armada (Madrid)1 aEspaña. bDepósito de la Guerra. aES-MaACLjT-121-F-2 z- Enc. hol., falto de la enc. originalz- Enc. en un vol. facticio